Estatísticas para Cultura Geral

Clique aqui para jogar o quiz

Estatísticas Gerais

  • Esse quiz foi jogado 26 vezes
  • A pontuação média é 6 de 15

Estatísticas das Respostas

HintResposta% Correto
Em que país podemos encontrar a cidade de Fortaleza?Brasil
82%
Como se diz computador em inglês?Computer
82%
Qual órgão do corpo humano desintoxica o sangue e produz a bile?Fígado
64%
Que tipo de ácido é encontrado nos limões?Cítrico
55%
Em que país nasceu Malala Yousafzai?Paquistão
55%
Qual é a cor da flor da lavanda?Roxo
41%
Qual é o nome comum do antigo carbonato de cálcio básico da sala de aula?Giz
36%
Que material comum de colar derrete quando colocado em vinagre?Pérola
36%
Qual é a maior igreja do mundo?Basílica de São Pedro
27%
Em que país podemos encontrar a cidade de Dubrovnik?Croácia
27%
Em que país a cola em selos postais é certificada como kosher?Israel
23%
Que guitarrista tocou "The Star Spangled Banner" em Woodstock?Jimi Hendrix
18%
Que rio atravessa Roma?Tibre
14%
Qual cidade americana é famosa por seus teleféricos?São Francisco
9%
Qual é a montanha mais alta da América do Norte?Denali
5%

Distribuição das Pontuações

Percentil de Números Respondidos

Porcentagem de Pessoas com Cada Pontuação

Sua Pontuação Histórica

Você não jogou esse quiz